New Jeans Songs by the English Lyrics - Statistics

General Stats
  • This quiz has been taken 1,119 times
  • The average score is 7 of 10
Answer Stats
Hint Answer % Correct
"Take it, don't break it, I wanna see you taste it" Cookie
85%
"So fresh, so clean" New Jeans
77%
"Looking pretty, follow me" Super Shy
75%
"Ey, drop the question, drop the, drop the, question" Attention
74%
"He's the one that's living in my system, baby" OMG
72%
"I got no time to lose" Ditto
70%
"Take him to the sky" Hype Boy
63%
"Everyday, baby, say your mine" Cool with You
57%
"Baby, say the words and I'm down" ETA
57%
"I'll show you, come with me/So much to do and lots to see" ASAP
54%
No matching quizzes found
Score Distribution
Percent of People with Each Score
Percentile by Number Answered
Your Score History
You have not taken this quiz